Elektrotechnická příručka 1976

Salvato in:
Dettagli Bibliografici
Altri autori: Roškota, Stanislav (Compilatore)
Natura: Libro
Lingua:ceco
Pubblicazione: Bratislava : Alfa, 1975
Edizione:1. vyd.
Tags: Aggiungi Tag
Nessun Tag, puoi essere il primo ad aggiungerne!!

MARC

LEADER 00000nam a22000003a 4500
001 stu46509
005 20150617225716.4
008 981130s1975------------------------cze-d
040 |a STU  |b slo 
041 0 |a cze 
100 1 |a Roškota, Stanislav  |4 com 
245 1 |a Elektrotechnická příručka 1976 
250 |a 1. vyd. 
260 |a Bratislava :  |b Alfa,  |c 1975 
300 |a 326 s 
996 |b 284EK03666  |c E*35843  |l EE01  |s A  |a 24  |w stu46509_0001